Southville International School and Colleges
Your cart is empty.
  • Cart
  • Lists
    Public lists Eva Luna New books Lux_list list_1
    Your lists Log in to create your own lists
  • Log in to your account
  • Your cookies
  • Search history
Southville International School and Colleges
  • Advanced search
  • Recent comments
  • Most popular
  • Libraries

Log in to your account

Log in with GOOGLE


If you do not have an external account, but do have a local account, you can still log in:

  1. Home
  2. MARC view: A treasury of asian folktales /
Normal view MARC view ISBD view

A treasury of asian folktales / (Record no. 12087)

[ view plain ]
MARC details
000 -LEADER
fixed length control field 00462nam a22001697a 4500
003 - CONTROL NUMBER IDENTIFIER
control field OSt
005 - DATE AND TIME OF LATEST TRANSACTION
control field 20140310182338.0
008 - FIXED-LENGTH DATA ELEMENTS--GENERAL INFORMATION
fixed length control field 130925t xxu||||| |||| 00| 0 eng d
050 ## - LIBRARY OF CONGRESS CALL NUMBER
Classification number PZ 7
Item number .G195 1991
082 ## - DEWEY DECIMAL CLASSIFICATION NUMBER
Classification number GS 398.22
Item number G15 1999
100 ## - MAIN ENTRY--PERSONAL NAME
Personal name Gan, Linda
9 (RLIN) 21626
245 ## - TITLE STATEMENT
Title A treasury of asian folktales /
Statement of responsibility, etc Gan, Linda
260 ## - PUBLICATION, DISTRIBUTION, ETC. (IMPRINT)
Place of publication, distribution, etc Singapore :
Name of publisher, distributor, etc Times Media Private Limited,
Date of publication, distribution, etc c1999.
300 ## - PHYSICAL DESCRIPTION
Extent 128 p.
Dimensions 29 cm
942 ## - ADDED ENTRY ELEMENTS (KOHA)
Source of classification or shelving scheme Library of Congress Classification
Koha item type
Holdings
Withdrawn status Lost status Source of classification or shelving scheme Damaged status Home library Current library Shelving location Date acquired Total Checkouts Full call number Barcode Date last seen Copy number Price effective from Koha item type
    Library of Congress Classification   Luxembourg Library Luxembourg Library Grade School Section 09/25/2013   PZ 7 .G195 1991 8466 02/04/2015 1 09/25/2013 Books

A treasury of asian folktales /

APA

Gan L., . (1999). A treasury of asian folktales. Singapore: Times Media Private Limited.

Chicago

Gan Linda, . 1999. A treasury of asian folktales. Singapore: Times Media Private Limited.

Harvard

Gan L., . (1999). A treasury of asian folktales. Singapore: Times Media Private Limited.

MLA

Gan Linda, . A treasury of asian folktales. Singapore: Times Media Private Limited. 1999.

  • Place hold
  • Print
  • Cite
  • Add to your cart (remove)
  • Save record
    BIBTEX Dublin Core MARCXML MARC (non-Unicode/MARC-8) MARC (Unicode/UTF-8) MARC (Unicode/UTF-8, Standard) MODS (XML) RIS
  • More searches
    Search for this title in:
    Other Libraries (WorldCat) Other Databases (Google Scholar) Online Stores (Bookfinder.com) Open Library (openlibrary.org)

Exporting to Dublin Core...

SOUTHVILLE LIBRARY

Southville International School and Colleges Library

1281 Tropical Ave. Cor. Luxembourg St., BF Homes International, Las Pinas City

Tel. No. 8256374 / 252358 Loc. 117/146

Powered by Koha